| 000 | 00615nam a2200241Ia 4500 | ||
|---|---|---|---|
| 003 | OSt | ||
| 005 | 20220924132724.0 | ||
| 006 | a|||||r|||| 00| 0 | ||
| 007 | ta | ||
| 008 | 220923b |||||||| |||| 00| 0 san d | ||
| 024 | _a120920 | ||
| 037 | _cTextual | ||
| 040 |
_aARTS _cARTS _bsan |
||
| 041 |
_2san _asan |
||
| 082 | _aWx1,1, 15K4 | ||
| 100 | _aKautilya | ||
| 245 | 0 | _aArthasastram with Ranjana comm of Pandey Ramtej | |
| 260 | _c1964 | ||
| 650 | _aPOLITICAL SCIENCE | ||
| 700 | _a Gupta Visnu | ||
| 942 |
_hWx1,1, 15K4 _cTEXL _2CC |
||
| 999 |
_c431304 _d431304 |
||